Official BRICS countries - Statistics

General Stats
  • This quiz has been taken 34 times
    9 since last reset
  • The average score is 5 of 10
Answer Stats
Answer % Correct
Brazil
100%
China
67%
India
67%
Russia
67%
South Africa
67%
Egypt
33%
Indonesia
33%
Iran
33%
UAE
33%
Ethiopia
0%
No matching quizzes found
Score Distribution
Percent of People with Each Score
Percentile by Number Answered
Your Score History
You have not taken this quiz since the last reset